[Event "Bansko Grand Chess Open"]
[Site "Bansko BUL"]
[Date "2010.12.13"]
[Round "1.1"]
[White "Harokopakis, Georgios"]
[Black "Cheparinov, Ivan"]
[Result "0-1"]
[BlackTitle "GM"]
[WhiteElo "1984"]
[BlackElo "2668"]
[WhiteFideId "4215184"]
[BlackFideId "2905540"]
[EventDate "2010.12.13"]

1. e4 c5 2. Nf3 d6 3. d4 cxd4 4. Nxd4 Nf6 5. Nc3 a6 6. h3 e6 7. g4 Be7 8. Bg2
Nfd7 9. O-O Nc6 10. Be3 Nde5 11. Qe2 g5 12. Na4 Rb8 13. c4 Nxd4 14. Bxd4 b5 15.
cxb5 axb5 16. Nc5 Bf6 17. Rfd1 O-O 18. a4 bxa4 19. Nxa4 Bd7 20. Bc3 Qc7 21. Rdc1
Qb7 22. Qd1 Rfd8 23. Bd4 Bc6 24. Qd2 Bxe4 25. Bxe5 dxe5 26. Bxe4 Qxe4 27. Nc5
Qf3 28. Rc3 Rxd2 29. Rxf3 Be7 30. Nb3 Rxb2 31. Ra7 R2xb3 32. Rxb3 Rxb3 33. Rxe7
Rxh3 34. Kg2 Rd3 35. Re8+ Kg7 36. Ra8 e4 37. Ra5 Kf6 0-1

[Event "Bansko Grand Chess Open"]
[Site "Bansko BUL"]
[Date "2010.12.13"]
[Round "1.3"]
[White "Petrov, Martin"]
[Black "Spasov, Vasil"]
[Result "0-1"]
[BlackTitle "GM"]
[WhiteElo "1939"]
[BlackElo "2606"]
[WhiteFideId "2911086"]
[BlackFideId "2900041"]
[EventDate "2010.12.13"]

1. e4 c5 2. Nf3 Nc6 3. d4 cxd4 4. Nxd4 Nf6 5. Nc3 e5 6. Ndb5 d6 7. Bg5 a6 8. Na3
b5 9. Nd5 Be7 10. Bxf6 Bxf6 11. c3 O-O 12. Nc2 Bg5 13. Nce3 Ne7 14. a4 bxa4 15.
Rxa4 a5 16. Bc4 Rb8 17. b3 Nxd5 18. Nxd5 Bd7 19. Ra2 Rc8 20. Qd3 Kh8 21. O-O f5
22. f3 Be6 23. Rfa1 Rc5 24. Kh1 fxe4 25. Qxe4 g6 26. Qd3 Rf7 27. b4 axb4 28.
cxb4 Rc8 29. Ra7 Qg8 30. R7a5 Qd8 31. Ra7 Rxa7 32. Rxa7 Qg8 33. Ra5 Bd8 34. Rb5
Qf7 35. h3 Qa7 36. Ne3 Qd4 37. Qxd4 exd4 38. Bxe6 dxe3 0-1

[Event "Bansko Grand Chess Open"]
[Site "Bansko BUL"]
[Date "2010.12.13"]
[Round "1.5"]
[White "Koroglou, Viktor"]
[Black "Grigoryan, Avetik"]
[Result "0-1"]
[BlackTitle "GM"]
[WhiteElo "1907"]
[BlackElo "2580"]
[WhiteFideId "4211618"]
[BlackFideId "13302191"]
[EventDate "2010.12.13"]

1. e4 e6 2. d3 d5 3. Nd2 Nf6 4. Ngf3 b6 5. g3 dxe4 6. dxe4 Bb7 7. Qe2 Nc6 8. c3
a5 9. Bg2 Ba6 10. c4 e5 11. O-O Bc5 12. Nb3 Bd6 13. Bg5 h6 14. Be3 a4 15. Nbd2
Ng4 16. Nh4 Nxe3 17. fxe3 g6 18. Nxg6 fxg6 19. Qg4 Ne7 20. Qe6 Qd7 21. Qf7+ Kd8
22. Rad1 Kc8 23. Nf3 Nc6 24. Qd5 Bb7 25. Qd2 Qe6 26. Nh4 Ne7 27. Rf2 Qxc4 28.
Rf6 Kb8 29. Nf3 Ra5 30. Bf1 Qxe4 31. Rxd6 cxd6 32. Qxd6+ Ka7 33. Bg2 Qxe3+ 34.
Kh1 Rd5 0-1

[Event "Bansko Grand Chess Open"]
[Site "Bansko BUL"]
[Date "2010.12.13"]
[Round "1.6"]
[White "Mastrovasilis, Athanasios"]
[Black "Georgiev, Dimitar"]
[Result "1-0"]
[WhiteTitle "GM"]
[WhiteElo "2556"]
[BlackElo "1873"]
[WhiteFideId "4201990"]
[BlackFideId "2912171"]
[EventDate "2010.12.13"]

1. c4 Nf6 2. Nc3 e5 3. g3 Bc5 4. Bg2 c6 5. e3 Qe7 6. Nge2 Na6 7. d4 Bd6 8. O-O
O-O 9. a3 Bc7 10. b4 d6 11. b5 Nb8 12. a4 Ba5 13. Ba3 Bg4 14. dxe5 Bxc3 15. exf6
Qxf6 16. Ra2 Rd8 17. h3 Bxe2 18. Rxe2 a6 19. Qb3 axb5 20. axb5 d5 21. cxd5 cxd5
22. Rc1 Be5 23. f4 Bd6 24. Bxd6 Qxd6 25. Qxd5 Qxd5 26. Bxd5 Ra5 27. Rc7 Rxb5 28.
Bxf7+ Kf8 29. Be6 Rb6 30. f5 Rb1+ 31. Kg2 Nc6 32. Rf7+ Ke8 33. Rxg7 Rdd1 34. Ra2
Rg1+ 35. Kf3 Rgf1+ 36. Kg4 Ne5+ 37. Kg5 1-0

[Event "Bansko Grand Chess Open"]
[Site "Bansko BUL"]
[Date "2010.12.13"]
[Round "1.7"]
[White "Krastev, Kalin"]
[Black "Nikolaidis, Ioannis"]
[Result "0-1"]
[BlackTitle "GM"]
[WhiteElo "1848"]
[BlackElo "2552"]
[WhiteFideId "2903857"]
[BlackFideId "4202139"]
[EventDate "2010.12.13"]

1. f4 d5 2. Nf3 g6 3. d4 Bg7 4. e3 c5 5. c3 Nh6 6. Bd3 Bf5 7. O-O Nd7 8. Bxf5
Nxf5 9. g4 Nd6 10. dxc5 Nxc5 11. Qxd5 Qc8 12. Kh1 Nce4 13. Nbd2 Nf6 14. Qd3 Qxg4
15. e4 Nh5 16. Nc4 Nxc4 17. Qxc4 O-O 18. e5 Bh6 19. Ne1 Rfd8 20. Be3 Rd7 21. Ng2
Rad8 22. Qe4 b6 23. Bd4 Ng7 24. Ne3 Qh5 25. f5 Bxe3 26. e6 Nxf5 27. Rxf5 Qxf5
28. Qxf5 gxf5 29. exd7 Bxd4 0-1

[Event "Bansko Grand Chess Open"]
[Site "Bansko BUL"]
[Date "2010.12.13"]
[Round "1.8"]
[White "Petrov, Marijan"]
[Black "Kamenov, Valentin"]
[Result "1-0"]
[WhiteTitle "GM"]
[WhiteElo "2534"]
[BlackElo "1815"]
[WhiteFideId "2901773"]
[BlackFideId "2908255"]
[EventDate "2010.12.13"]

1. e4 d6 2. d4 Nf6 3. Nc3 g6 4. Nf3 Bg7 5. Be2 O-O 6. O-O Nc6 7. d5 Ne5 8. Nxe5
dxe5 9. Be3 a6 10. a4 e6 11. a5 exd5 12. exd5 Ne8 13. Na4 Nd6 14. c4 f5 15. Nc3
f4 16. Bc5 Rf7 17. Re1 Bf5 18. Bf1 Qf6 19. Bb4 Rd8 20. c5 Ne8 21. Bc4 Kh8 22.
Ne4 Qh4 23. Bc3 Bxe4 24. Rxe4 Nf6 25. g3 Qh3 26. Bf1 Qf5 27. Rxe5 Qd7 28. Bg2
Qb5 29. d6 cxd6 30. cxd6 Qd7 31. Ra4 fxg3 32. hxg3 Ne8 33. Re3 Bxc3 34. bxc3 Rf6
35. Rd4 Nxd6 36. Rd5 Rf5 37. Rxd6 Qxd6 38. Re8+ Rf8 39. Qxd6 Rfxe8 40. Qf6+ Kg8
41. Bxb7 Rf8 42. Bd5+ 1-0

[Event "Bansko Grand Chess Open"]
[Site "Bansko BUL"]
[Date "2010.12.13"]
[Round "1.9"]
[White "Petrov, Vladimir Sergeev"]
[Black "Nabaty, Tamir"]
[Result "0-1"]
[BlackTitle "IM"]
[WhiteElo "1778"]
[BlackElo "2529"]
[WhiteFideId "2902940"]
[BlackFideId "2809052"]
[EventDate "2010.12.13"]

1. e4 e6 2. d4 d5 3. Nd2 Nf6 4. e5 Nfd7 5. Bd3 c5 6. c3 Nc6 7. Ne2 f6 8. exf6
Nxf6 9. Nf3 Bd6 10. O-O O-O 11. Bg5 Qe8 12. Re1 Ne4 13. Qc2 Rxf3 14. Bxe4 dxe4
15. gxf3 Qg6 16. h4 h6 17. Qxe4 Qxe4 18. fxe4 hxg5 19. hxg5 cxd4 20. Nxd4 e5 21.
Nxc6 bxc6 22. Rad1 Be7 23. g6 Bg4 24. Rd3 Rf8 25. Kg2 Rf6 26. Rg3 Rf4 27. Rh1
Be6 28. Re3 Rg4+ 29. Kf1 Rxg6 30. b3 Rf6 31. Rh2 Bg4 32. Rg2 Bh5 33. Reg3 Rf7
34. Rh2 Bf3 35. Rgh3 Rf6 36. Rh8+ Kf7 37. Ra8 Rd6 0-1

[Event "Bansko Grand Chess Open"]
[Site "Bansko BUL"]
[Date "2010.12.13"]
[Round "1.10"]
[White "Danielsen, Henrik"]
[Black "Atanasova, Elitsa"]
[Result "1-0"]
[WhiteTitle "GM"]
[WhiteElo "2516"]
[BlackElo "1748"]
[WhiteFideId "1400185"]
[BlackFideId "2913690"]
[EventDate "2010.12.13"]

1. f4 Nf6 2. Nf3 c5 3. g3 g6 4. Bg2 Bg7 5. O-O O-O 6. d3 d5 7. c3 Nc6 8. Na3 Re8
9. Nh4 e5 10. f5 Qe7 11. Bg5 Rd8 12. Qd2 a6 13. Rad1 Rd6 14. Qc1 Rb8 15. e4 dxe4
16. dxe4 b5 17. Nc2 Bb7 18. Ne3 Qc7 19. fxg6 hxg6 20. Rxd6 Qxd6 21. Nhf5 gxf5
22. Nxf5 Qf8 23. Nxg7 Qxg7 24. Bxf6 Qg6 25. Rf5 Kf8 26. Qd2 1-0

[Event "Bansko Grand Chess Open"]
[Site "Bansko BUL"]
[Date "2010.12.13"]
[Round "1.12"]
[White "Shivacheva, Donika"]
[Black "Grigorov, Grigor"]
[Result "0-1"]
[BlackTitle "IM"]
[WhiteElo "1690"]
[BlackElo "2479"]
[WhiteFideId "2900840"]
[BlackFideId "2907313"]
[EventDate "2010.12.13"]

1. e4 c5 2. Nc3 Nc6 3. f4 g6 4. g3 Bg7 5. Bg2 d6 6. Nf3 e6 7. O-O Nge7 8. d3 O-O
9. Be3 Nd4 10. Qd2 Nec6 11. Ne1 Qa5 12. Nd1 Qxd2 13. Bxd2 f5 14. c3 Nb5 15. Ne3
Rd8 16. Rd1 Rb8 17. N1c2 Nc7 18. Rfe1 Bd7 19. Bc1 b5 20. d4 fxe4 21. Bxe4 d5 22.
Bg2 b4 23. Ng4 Nb5 24. Ne5 Nxe5 25. dxe5 bxc3 26. bxc3 Nxc3 27. Rd3 Nxa2 28. Ra3
Nxc1 29. Rxc1 c4 30. Nd4 Bf8 31. Ra5 Bb4 32. Ra2 Bc5 33. Rd2 Rb2 34. Rcd1 a5 35.
Kh1 Bxd4 36. Rxd4 a4 37. Ra1 c3 38. Rdd1 c2 39. Rdc1 Rdb8 0-1

[Event "Bansko Grand Chess Open"]
[Site "Bansko BUL"]
[Date "2010.12.13"]
[Round "1.15"]
[White "Berbatov, Kiprian"]
[Black "Sabotinov, Ventsislav"]
[Result "1-0"]
[WhiteTitle "IM"]
[WhiteElo "2461"]
[BlackElo "1647"]
[WhiteFideId "2910446"]
[BlackFideId "2904136"]
[EventDate "2010.12.13"]

1. e4 c5 2. Nf3 Nc6 3. d4 cxd4 4. Nxd4 Nf6 5. Nc3 e6 6. Ndb5 a6 7. Nd6+ Bxd6 8.
Qxd6 Qe7 9. Bf4 e5 10. Qxe7+ Kxe7 11. Bg5 h6 12. Nd5+ Kf8 13. Bxf6 gxf6 14.
O-O-O Kg7 15. Nb6 Ra7 16. c3 Rd8 17. Rd6 Ne7 18. Bc4 f5 19. f3 Ng6 20. exf5 Nf8
21. a4 Nh7 22. Re1 f6 23. Red1 Kh8 24. R1d5 h5 25. Rc5 1-0

[Event "Bansko Grand Chess Open"]
[Site "Bansko BUL"]
[Date "2010.12.13"]
[Round "1.16"]
[White "Dichev, Dragomir"]
[Black "Zaslavsky, Mikhail"]
[Result "0-1"]
[BlackTitle "IM"]
[WhiteElo "1613"]
[BlackElo "2424"]
[WhiteFideId "2911930"]
[BlackFideId "2807670"]
[EventDate "2010.12.13"]

1. e4 c5 2. d3 g6 3. f4 Bg7 4. Nf3 Nc6 5. g3 d6 6. Bg2 e6 7. Nc3 Nge7 8. O-O O-O
9. Qe1 Nd4 10. Nxd4 cxd4 11. Ne2 Qb6 12. h4 Bd7 13. g4 f5 14. gxf5 exf5 15. Qg3
Rac8 16. Kh1 Rxc2 17. Ng1 Bb5 18. Nh3 fxe4 19. Bxe4 Nf5 20. Bd5+ Kh8 21. Qe1 Re8 0-1

[Event "Bansko Grand Chess Open"]
[Site "Bansko BUL"]
[Date "2010.12.13"]
[Round "1.17"]
[White "Ninov, Kiril"]
[Black "Hristov, Kaloyan"]
[Result "1-0"]
[WhiteTitle "IM"]
[WhiteElo "2423"]
[BlackElo "1608"]
[WhiteFideId "2900181"]
[BlackFideId "2910837"]
[EventDate "2010.12.13"]

1. Nf3 Nf6 2. g3 b6 3. Bg2 Bb7 4. O-O e6 5. c4 Be7 6. b3 O-O 7. Bb2 d5 8. cxd5
exd5 9. Ne5 Nbd7 10. d4 c5 11. Nd2 Re8 12. Rc1 Rc8 13. Ndf3 Bd6 14. Nxd7 Nxd7
15. dxc5 bxc5 16. Qd2 Nf6 17. e3 Ne4 18. Qc2 Qa5 19. Rfd1 c4 20. bxc4 Qxa2 21.
Nd2 Nxd2 22. Qxd2 Qb3 23. cxd5 f6 24. Bd4 Rxc1 25. Rxc1 Bxd5 26. Bxf6 Bxg2 27.
Qxd6 gxf6 28. Kxg2 Qb7+ 29. Qc6 Qxc6+ 30. Rxc6 Rf8 31. Ra6 Rf7 32. e4 Kg7 33.
Kf3 Re7 34. Kf4 Kg6 35. g4 h6 36. f3 Kg7 37. h4 Kf7 38. Ra5 Kg7 39. Kf5 Kf7 40.
f4 Kg7 41. Ra6 Rf7 42. Rc6 Rb7 43. Rxf6 Rb5+ 44. e5 Ra5 45. Rc6 Ra4 46. Rc7+ Kg8
47. e6 Kf8 48. g5 hxg5 49. hxg5 Ra5+ 50. Kf6 1-0

[Event "Bansko Grand Chess Open"]
[Site "Bansko BUL"]
[Date "2010.12.13"]
[Round "1.18"]
[White "Hatzipanteli, Theodora"]
[Black "Georgiev, Krum"]
[Result "0-1"]
[BlackTitle "GM"]
[WhiteElo "1579"]
[BlackElo "2422"]
[WhiteFideId "4237501"]
[BlackFideId "2900092"]
[EventDate "2010.12.13"]

1. e4 c5 2. Nf3 d6 3. d4 cxd4 4. Nxd4 Nf6 5. Nc3 Bd7 6. f4 Nc6 7. Be2 e6 8. Be3
Be7 9. Qd2 Nxd4 10. Qxd4 Bc6 11. Bf3 O-O 12. O-O-O Qb8 13. h4 b5 14. e5 Bxf3 15.
gxf3 b4 16. Ne2 dxe5 17. fxe5 Rd8 18. Qf4 Nd5 19. Qe4 Qb5 20. Rd3 Nxe3 21. Qxe3
Rxd3 22. cxd3 b3 23. Nc3 bxa2 24. Nxa2 Rb8 25. Rh2 Qa4 26. Kb1 Qd1+ 27. Nc1 Rc8
28. d4 h5 29. f4 g6 30. Rh3 Qc2+ 31. Ka2 Qxc1 32. Qb3 Qc4 33. Rh2 Kg7 34. Rh3
Qa6+ 35. Kb1 Qf1+ 0-1

[Event "Bansko Grand Chess Open"]
[Site "Bansko BUL"]
[Date "2010.12.13"]
[Round "1.19"]
[White "Maksimovic, Branimir"]
[Black "Ganev, Nikola"]
[Result "1-0"]
[WhiteTitle "IM"]
[WhiteElo "2421"]
[BlackElo "1523"]
[WhiteFideId "901490"]
[BlackFideId "2903687"]
[EventDate "2010.12.13"]

1. d4 d5 2. c4 e6 3. Nf3 Nf6 4. Nc3 c5 5. e3 cxd4 6. exd4 Nc6 7. a3 b6 8. cxd5
Nxd5 9. Bb5 Bb7 10. Ne5 Nxc3 11. Qf3 Qc7 12. Qxc3 Rc8 13. Bf4 a6 14. Bxc6+ Bxc6
15. Rc1 Bxg2 16. Qg3 Qxc1+ 17. Bxc1 Bxh1 18. Bg5 Be4 19. Nc4 Rxc4 20. Qb8+ Kd7
21. Qd8+ Kc6 22. Qa8+ Kb5 23. Qxe4 a5 24. Qd3 a4 25. b3 axb3 26. Qxb3+ Bb4+ 27.
Bd2 Rxd4 28. Bxb4 Re4+ 29. Kf1 Rc8 30. Qd3+ Rec4 31. Qxh7 Rxb4 32. axb4 Kxb4 33.
Qxg7 Kb3 34. h4 1-0

[Event "Bansko Grand Chess Open"]
[Site "Bansko BUL"]
[Date "2010.12.13"]
[Round "1.20"]
[White "Gogov, Kiril"]
[Black "Ashwin, Jayaram"]
[Result "0-1"]
[BlackTitle "IM"]
[WhiteElo "1520"]
[BlackElo "2420"]
[WhiteFideId "2903695"]
[BlackFideId "5018137"]
[EventDate "2010.12.13"]

1. e4 c5 2. Nf3 d6 3. Bc4 Nf6 4. d3 Nc6 5. c3 g6 6. Bg5 Bg7 7. Nbd2 O-O 8. O-O
h6 9. Bh4 Na5 10. h3 Nxc4 11. Nxc4 b5 12. Ne3 Bb7 13. Qd2 Kh7 14. Bxf6 Bxf6 15.
Ng4 Bg7 16. Nh4 e5 17. g3 f5 18. exf5 gxf5 19. Ne3 Qg5 20. Qe2 f4 21. Ng4 h5 22.
Nh2 fxg3 23. fxg3 Qxg3+ 24. Ng2 Qxh3 25. Rf2 Rxf2 26. Qxf2 Rf8 27. Qc2 Bh6 28.
Rf1 Be3+ 29. Nxe3 Rg8+ 30. Nhg4 Rxg4+ 31. Nxg4 Qg3+ 32. Qg2 Qxg2# 0-1

[Event "Bansko Grand Chess Open"]
[Site "Bansko BUL"]
[Date "2010.12.13"]
[Round "1.21"]
[White "Collas, Didier"]
[Black "Taskov, Ivo"]
[Result "1-0"]
[WhiteTitle "IM"]
[WhiteElo "2420"]
[BlackElo "1480"]
[WhiteFideId "602680"]
[BlackFideId "2904195"]
[EventDate "2010.12.13"]

1. d4 d5 2. Nf3 Nc6 3. Bf4 Nf6 4. e3 Bf5 5. a3 e6 6. c4 b6 7. Qa4 Qd7 8. cxd5
exd5 9. Bb5 Qe7 10. Bxc6+ Bd7 11. Ne5 Rd8 12. Nc3 Qe6 13. Nxd7 Nxd7 14. Nxd5 Bd6
15. Nxc7+ Bxc7 16. Bxc7 Rc8 17. d5 Qe7 18. d6 Qe6 19. O-O O-O 20. Bxd7 Qf6 21.
Bxc8 Rxc8 22. d7 1-0

[Event "Bansko Grand Chess Open"]
[Site "Bansko BUL"]
[Date "2010.12.13"]
[Round "1.22"]
[White "Najdenova, Jana"]
[Black "Strelnikov, Sergey"]
[Result "0-1"]
[WhiteElo "1466"]
[BlackElo "2419"]
[WhiteFideId "2903938"]
[BlackFideId "14113473"]
[EventDate "2010.12.13"]

1. e4 g6 2. d4 Bg7 3. Nf3 d6 4. Bc4 e6 5. O-O Ne7 6. Bf4 Nd7 7. c3 h6 8. h3 b6
9. Qd3 a6 10. a4 Bb7 11. Nbd2 O-O 12. Qe3 Kh7 13. Kh2 Nf6 14. e5 Ned5 15. Qe4
Nxe4 16. Nxe4 Nxf4 17. Rae1 d5 18. Bb3 dxe4 0-1

[Event "Bansko Grand Chess Open"]
[Site "Bansko BUL"]
[Date "2010.12.13"]
[Round "1.23"]
[White "Dimitrov, Radoslav"]
[Black "Pavlidis, Pavlos"]
[Result "1-0"]
[WhiteTitle "IM"]
[WhiteElo "2410"]
[BlackElo "1411"]
[WhiteFideId "2908549"]
[BlackFideId "4200616"]
[EventDate "2010.12.13"]

1. Nc3 e5 2. Nf3 Nc6 3. d4 exd4 4. Nxd4 Nf6 5. Bg5 Be7 6. Nf5 O-O 7. Nxe7+ Qxe7
8. Nd5 Qd8 9. e3 d6 10. Bd3 h6 11. Nxf6+ gxf6 12. Bxh6 Re8 13. Qf3 Ne5 14. Qg3+
Bg4 15. h3 1-0

[Event "Bansko Grand Chess Open"]
[Site "Bansko BUL"]
[Date "2010.12.13"]
[Round "1.57"]
[White "Velikov, Georgi"]
[Black "Kanakaris, Georgios"]
[Result "0-1"]
[WhiteElo "1737"]
[BlackElo "2285"]
[WhiteFideId "2913755"]
[BlackFideId "4209460"]
[EventDate "2010.12.13"]

1. e4 e6 2. d4 d5 3. e5 c5 4. c3 Nc6 5. Nf3 Qb6 6. Bd3 Bd7 7. Bc2 cxd4 8. cxd4
Nb4 9. Ba4 Qa6 10. Bxd7+ Kxd7 11. a3 Nd3+ 12. Kd2 Nxf2 13. Qf1 Nxh1 14. Qxa6
bxa6 15. Ke2 Nh6 16. Bxh6 gxh6 17. Nbd2 Rg8 18. Kf1 Rc8 19. Kg1 Ng3 20. hxg3
Rxg3 21. Kf2 Rg4 22. Rb1 Rc7 23. b4 h5 24. Rd1 Bh6 25. g3 Bxd2 26. Rxd2 Rc3 0-1

[Event "Bansko Grand Chess Open"]
[Site "Bansko BUL"]
[Date "2010.12.14"]
[Round "2.2"]
[White "Gvetadze, Sopio"]
[Black "Savchenko, Boris"]
[Result "0-1"]
[WhiteTitle "IM"]
[BlackTitle "GM"]
[WhiteElo "2350"]
[BlackElo "2632"]
[WhiteFideId "13601440"]
[BlackFideId "4147332"]
[EventDate "2010.12.13"]

1. e4 c6 2. d4 d5 3. e5 Bf5 4. Nf3 e6 5. Be2 Nd7 6. O-O Bg6 7. Be3 Nh6 8. Nbd2
Nf5 9. Bf4 Be7 10. Nb3 O-O 11. Qd2 Rc8 12. Rac1 Kh8 13. Rfd1 Nh4 14. Ne1 f6 15.
g3 fxe5 16. dxe5 Nf5 17. c4 Nc5 18. Nxc5 Bxc5 19. b4 Be7 20. Ng2 c5 21. cxd5
exd5 22. bxc5 Bxc5 23. Qxd5 Qxd5 24. Rxd5 Bxf2+ 25. Kh1 Rxc1+ 26. Bxc1 Nd4 27.
Ba3 Re8 28. Bc5 Nxe2 29. Bxf2 h6 30. Bxa7 Rc8 31. Be3 Be4 32. Rd1 Rc2 33. e6 Bc6
34. e7 Rxa2 35. Rd8+ Kh7 36. h4 Nxg3+ 37. Kh2 Rxg2+ 38. Kh3 Nf5 39. e8=Q Rg3+
40. Kh2 Bxe8 41. Bf2 Rf3 42. Kg2 Bc6 0-1

[Event "Bansko Grand Chess Open"]
[Site "Bansko BUL"]
[Date "2010.12.14"]
[Round "2.6"]
[White "Galburd, Yan"]
[Black "Mastrovasilis, Athanasios"]
[Result "0-1"]
[BlackTitle "GM"]
[WhiteElo "2322"]
[BlackElo "2556"]
[WhiteFideId "2808528"]
[BlackFideId "4201990"]
[EventDate "2010.12.13"]

1. d4 Nf6 2. c4 e6 3. g3 d5 4. Nf3 Bb4+ 5. Bd2 Bd6 6. Qc2 c6 7. Nc3 Nbd7 8. e4
dxe4 9. Nxe4 Nxe4 10. Qxe4 Nf6 11. Qh4 b6 12. O-O-O Bb7 13. Bg2 c5 14. dxc5 bxc5
15. Bc3 Qe7 16. Rhe1 O-O-O 17. Bh1 h6 18. Nd2 Bxh1 19. Rxh1 Rhg8 20. Rhe1 Ne8
21. Qe4 Qb7 22. Qe3 Be7 23. Ne4 Rxd1+ 24. Rxd1 Qc7 25. f4 Qc6 26. Nf2 Nd6 27. b3
Nf5 28. Qe4 Qxe4 29. Nxe4 g5 30. Be5 gxf4 31. Bxf4 h5 32. Kb2 h4 33. Ka3 hxg3
34. hxg3 f6 35. Rf1 Kd7 36. Ka4 Kc6 37. a3 Nd4 38. b4 f5 39. Nxc5 Bxc5 40. bxc5
Kxc5 41. Rb1 Kxc4 42. Rb7 Ra8 43. Rd7 Nb5 44. Be5 a6 45. Ka5 Nxa3 46. Bf4 Nb5
47. g4 fxg4 48. Rg7 Kd5 49. Rxg4 Nd6 50. Rg5+ Kc6 51. Rg6 Nc4+ 52. Kb4 Kd5 53.
Rg7 e5 54. Bg3 Rb8+ 55. Kc3 Nd6 56. Bh2 Ne4+ 57. Kc2 Rc8+ 58. Kb2 Rh8 59. Bg1
Rb8+ 60. Kc2 Rc8+ 61. Kb2 Nd6 62. Rg5 Rf8 63. Kb3 Rf3+ 64. Kb4 Nc4 65. Rg2 a5+
66. Kb5 Rb3+ 67. Ka6 a4 68. Ra2 a3 69. Ra1 Rb2 70. Rd1+ Ke4 0-1

[Event "Bansko Grand Chess Open"]
[Site "Bansko BUL"]
[Date "2010.12.14"]
[Round "2.8"]
[White "Collas, Silvia"]
[Black "Petrov, Marijan"]
[Result "0-1"]
[WhiteTitle "IM"]
[BlackTitle "GM"]
[WhiteElo "2300"]
[BlackElo "2534"]
[WhiteFideId "2902265"]
[BlackFideId "2901773"]
[EventDate "2010.12.13"]

1. d4 g6 2. e4 Bg7 3. Nf3 d6 4. h3 Nf6 5. Nc3 O-O 6. Be3 c6 7. Qd2 Nbd7 8. Bd3
e5 9. dxe5 dxe5 10. Ne2 Qe7 11. Qc3 Ne8 12. g4 Nc7 13. Rd1 Ne6 14. b4 c5 15. b5
Nd4 16. Nd2 Nb6 17. a4 Nxa4 18. Qa3 Nb6 19. c3 Ne6 20. Ng3 Rd8 21. Bf1 Bf6 22.
Rg1 Bg5 23. Nf5 gxf5 24. gxf5 Kh8 25. Rxg5 Nxg5 26. Bxc5 Qc7 27. Be7 Rxd2 28.
Rxd2 Nf3+ 29. Kd1 Nxd2 30. Bf6+ Kg8 31. Kxd2 Bxf5 32. exf5 Qd7+ 33. Kc1 Qxf5 34.
Qd6 Nd7 35. Be7 Rc8 36. c4 Qxf2 37. Bd3 Nc5 38. Bc2 Qe1+ 0-1

[Event "Bansko Grand Chess Open"]
[Site "Bansko BUL"]
[Date "2010.12.14"]
[Round "2.9"]
[White "Nabaty, Tamir"]
[Black "Videnova, Iva"]
[Result "1-0"]
[WhiteTitle "IM"]
[BlackTitle "WIM"]
[WhiteElo "2529"]
[BlackElo "2269"]
[WhiteFideId "2809052"]
[BlackFideId "2907763"]
[EventDate "2010.12.13"]

1. e4 c5 2. Nf3 d6 3. d4 cxd4 4. Nxd4 Nf6 5. Nc3 g6 6. Be3 Bg7 7. Be2 Nc6 8. Qd2
O-O 9. O-O-O Ng4 10. Bxg4 Bxg4 11. f3 Be6 12. Nxe6 fxe6 13. Bh6 Qa5 14. Bxg7
Kxg7 15. h4 h6 16. f4 b5 17. Kb1 Rab8 18. h5 b4 19. Ne2 Rb6 20. hxg6 Ra6 21. Nc1
b3 22. c3 bxa2+ 23. Ka1 Kxg6 24. Rxh6+ Kf7 25. e5 Nd8 26. Nb3 Qb5 27. Rh7+ Ke8
28. exd6 exd6 29. Nd4 Qa4 30. Qe2 Rf7 31. Rxf7 Kxf7 32. Rh1 Ra5 33. Qg4 1-0

[Event "Bansko Grand Chess Open"]
[Site "Bansko BUL"]
[Date "2010.12.14"]
[Round "2.10"]
[White "Kanakaris, Georgios"]
[Black "Danielsen, Henrik"]
[Result "0-1"]
[BlackTitle "GM"]
[WhiteElo "2285"]
[BlackElo "2516"]
[WhiteFideId "4209460"]
[BlackFideId "1400185"]
[EventDate "2010.12.13"]

1. d4 Nf6 2. c4 e6 3. Nf3 b6 4. g3 Ba6 5. b3 Bb7 6. Bg2 Bb4+ 7. Bd2 c5 8. Bxb4
cxb4 9. O-O O-O 10. Nbd2 d6 11. Qc2 Nbd7 12. e4 e5 13. d5 a5 14. Nh4 g6 15. Bh3
Nc5 16. Rae1 Bc8 17. Bg2 g5 18. Nf5 Bxf5 19. exf5 Ra7 20. Nf3 h6 21. Qd2 Nfe4
22. Qe3 Nc3 23. Ra1 Qf6 24. g4 a4 25. h4 gxh4 26. Nd2 Qg5 27. Bf3 e4 28. Qxg5+
hxg5 29. Bg2 Re8 30. Rfe1 e3 31. fxe3 Nd3 32. Rf1 Rxe3 33. f6 Ne2+ 34. Kh2 Ne5
35. Rfe1 Nxg4+ 36. Kh1 Nf2+ 0-1

[Event "Bansko Grand Chess Open"]
[Site "Bansko BUL"]
[Date "2010.12.14"]
[Round "2.12"]
[White "Grigorov, Grigor"]
[Black "Zygouris, Hristos"]
[Result "1-0"]
[WhiteTitle "IM"]
[WhiteElo "2479"]
[BlackElo "2225"]
[WhiteFideId "2907313"]
[BlackFideId "4200292"]
[EventDate "2010.12.13"]

1. d4 d5 2. c4 dxc4 3. e3 Nf6 4. Bxc4 e6 5. Nf3 c5 6. O-O a6 7. Bb3 b5 8. a4 b4
9. e4 Bb7 10. e5 Ne4 11. Nbd2 Nxd2 12. Bxd2 cxd4 13. Ng5 Nd7 14. f4 Nc5 15. f5
Nxb3 16. Qxb3 Qd5 17. Qh3 h6 18. Rf2 hxg5 19. Qxh8 exf5 20. Bxb4 1-0

[Event "Bansko Grand Chess Open"]
[Site "Bansko BUL"]
[Date "2010.12.14"]
[Round "2.13"]
[White "Dounis, Alexandros"]
[Black "Arnaudov, G. Petar"]
[Result "0-1"]
[BlackTitle "IM"]
[WhiteElo "2207"]
[BlackElo "2468"]
[WhiteFideId "4213238"]
[BlackFideId "2907127"]
[EventDate "2010.12.13"]

1. e4 c6 2. d4 d5 3. e5 Bf5 4. Nf3 e6 5. Be2 Ne7 6. O-O Nc8 7. Nbd2 Be7 8. Nb3
O-O 9. Be3 Nd7 10. Nfd2 f6 11. f4 fxe5 12. fxe5 Bg5 13. Bf2 Bh6 14. Nf3 Bg4 15.
h3 Bh5 16. Nh2 Bxe2 17. Qxe2 a5 18. a4 Bg5 19. Qg4 Rf5 20. Nf3 Be7 21. h4 h5 22.
Qg3 Ncb6 23. Nc1 Qc7 24. Nd3 Raf8 25. Be3 R8f7 26. Nf4 Nf8 27. Ng5 Bxg5 28. hxg5
g6 29. b3 Nc8 30. Bc1 c5 31. c3 cxd4 32. cxd4 Qc2 33. Be3 Qxb3 34. Rfb1 Qc2 35.
Rc1 Qe4 36. Nh3 h4 37. Nf2 Rxf2 38. Qxf2 Rxf2 39. Bxf2 Ne7 40. Rab1 Nf5 41. Rxb7
Ne3 0-1